Data structures : a pseudocode approach with C (Record no. 179697)
[ view plain ]
| 000 -LEADER | |
|---|---|
| fixed length control field | 00434nam a2200157Ia 4500 |
| 005 - DATE AND TIME OF LATEST TRANSACTION | |
| control field | 20250128161333.0 |
| 008 - FIXED-LENGTH DATA ELEMENTS--GENERAL INFORMATION | |
| fixed length control field | 231217s9999 xx 000 0 und d |
| 020 ## - INTERNATIONAL STANDARD BOOK NUMBER | |
| International Standard Book Number | 9788131503140 |
| 082 ## - DEWEY DECIMAL CLASSIFICATION NUMBER | |
| Classification number | 001.64 GIL1;4 |
| 100 ## - MAIN ENTRY--PERSONAL NAME | |
| Personal name | Gilberg, Richard F Forouzan, Behrouz A |
| 245 #0 - TITLE STATEMENT | |
| Title | Data structures : a pseudocode approach with C |
| 260 ## - PUBLICATION, DISTRIBUTION, ETC. (IMPRINT) | |
| Date of publication, distribution, etc. | 1998 |
| Name of publisher, distributor, etc. | Thomson |
| 300 ## - PHYSICAL DESCRIPTION | |
| Extent | xvi+669 |
| 650 ## - SUBJECT ADDED ENTRY--TOPICAL TERM | |
| Topical term or geographic name as entry element | structures,:,pseudocode,C |
| 942 ## - ADDED ENTRY ELEMENTS (KOHA) | |
| Koha item type | Books |
| Date last seen | Total Checkouts | Full call number | Accession number | Old discount | Cost, replacement price | Price effective from | Category | Lost status | Damaged status | Department | Withdrawn status | bill no. | bill date | Permanent Location | Current Location | Shelving location | Entry date | Vendor | Cost, normal purchase price | Grants | Currency symbol | Conversion rate | Discount | Discount type |
|---|---|---|---|---|---|---|---|---|---|---|---|---|---|---|---|---|---|---|---|---|---|---|---|---|
| 26/01/2024 | 001.64 GIL1;4 | 46789 | 28 | 252.00 | 26/01/2024 | Books | CS | 43979 | 26/12/2008 | Central Library | Central Library | CS | 15/11/2007 | Book Paradise | 350.00 | CS/PG | RS | 1 | 98 | Rupees | ||||
| 26/01/2024 | 001.64 GIL1;5 | 46790 | 28 | 252.00 | 26/01/2024 | Books | CS | 43979 | 26/12/2008 | Central Library | Central Library | CS | 15/11/2007 | Book Paradise | 350.00 | CS/PG | RS | 1 | 98 | Rupees | ||||
| 26/01/2024 | 001.64 GIL1;6 | 46791 | 28 | 252.00 | 26/01/2024 | Books | CS | 43979 | 26/12/2008 | Central Library | Central Library | CS | 15/11/2007 | Book Paradise | 350.00 | CS/PG | RS | 1 | 98 | Rupees | ||||
| 26/01/2024 | 001.64 GIL1;10 | 46818 | 28 | 252.00 | 26/01/2024 | Books | CS | 43935 | 05/01/2009 | Central Library | Central Library | CS | 16/11/2007 | Book Paradise | 350.00 | CS/PG | RS | 1 | 98 | Rupees | ||||
| 26/01/2024 | 001.64 GIL1;11 | 46819 | 28 | 252.00 | 26/01/2024 | Books | CS | 43935 | 05/01/2009 | Central Library | Central Library | CS | 16/11/2007 | Book Paradise | 350.00 | CS/PG | RS | 1 | 98 | Rupees | ||||
| 26/01/2024 | 001.64 GIL1;12 | 46820 | 28 | 252.00 | 26/01/2024 | Books | CS | 43935 | 05/01/2009 | Central Library | Central Library | CS | 16/11/2007 | Book Paradise | 350.00 | CS/PG | RS | 1 | 98 | Rupees |
